相互接壤的面积差距最大的地级行政区 - Statistics

General Stats
  • This quiz has been taken 42 times
    41 since last reset
  • The average score is 49 of 77
Answer Stats
省级行政区 地级行政区 % Correct
内蒙古自治区 阿拉善盟
97%
内蒙古自治区 乌海市
97%
江西省 吉安市
90%
甘肃省 嘉峪关市
90%
宁夏回族自治区 银川市
90%
甘肃省 张掖市
90%
甘肃省 金昌市
87%
甘肃省 酒泉市
87%
江西省 上饶市
87%
宁夏回族自治区 石嘴山市
87%
甘肃省 武威市
87%
江西省 新余市
87%
江西省 鹰潭市
87%
四川省 阿坝藏族羌族自治州
83%
内蒙古自治区 鄂尔多斯市
83%
江西省 景德镇市
80%
黑龙江省 双鸭山市
80%
湖北省 鄂州市
77%
江西省 抚州市
77%
黑龙江省 哈尔滨市
77%
湖北省 黄冈市
77%
江西省 萍乡市
77%
黑龙江省 七台河市
77%
江西省 宜春市
77%
河北省 保定市
73%
四川省 德阳市
73%
黑龙江省 鸡西市
73%
黑龙江省 牡丹江市
73%
江西省 南昌市
73%
四川省 攀枝花市
73%
陕西省 铜川市
73%
陕西省 延安市
73%
山西省 阳泉市
73%
黑龙江省 佳木斯市
70%
河北省 廊坊市
70%
四川省 凉山彝族自治州
70%
青海省 西宁市
70%
山西省 忻州市
70%
河北省 承德市
67%
青海省 海北藏族自治州
67%
青海省 海南藏族自治州
67%
福建省 南平市
67%
新疆维吾尔自治区 克拉玛依市
63%
河北省 秦皇岛市
63%
内蒙古自治区 通辽市
63%
江西省 九江市
60%
四川省 绵阳市
60%
新疆维吾尔自治区 塔城地区
60%
辽宁省 阜新市
57%
河南省 南阳市
57%
吉林省 四平市
57%
山西省 太原市
57%
云南省 楚雄彝族自治州
53%
贵州省 贵阳市
50%
浙江省 杭州市
50%
湖北省 黄石市
50%
浙江省 嘉兴市
50%
河南省 漯河市
50%
贵州省 毕节市
47%
甘肃省 甘南藏族自治州
47%
四川省 遂宁市
47%
新疆维吾尔自治区 伊犁哈萨克自治州
47%
贵州省 遵义市
47%
吉林省 辽源市
43%
河南省 平顶山市
43%
贵州省 黔南布依族苗族自治州
43%
吉林省 吉林市
40%
甘肃省 临夏回族自治州
40%
河南省 驻马店市
40%
广西壮族自治区 南宁市
37%
广西壮族自治区 防城港市
33%
广东省 佛山市
33%
广东省 梅州市
33%
广东省 潮州市
30%
广东省 清远市
30%
湖南省 怀化市
23%
湖南省 娄底市
23%
No matching quizzes found
Score Distribution
Percent of People with Each Score
Percentile by Number Answered
Your Score History
You have not taken this quiz since the last reset